| 000 | 00919cab a2200205 4500 | ||
|---|---|---|---|
| 001 | ABS67543 | ||
| 008 | 040301n2004 000 0 eng u | ||
| 035 | _a(Sirsi) u125281 | ||
| 100 | _aCochrane, A. | ||
| 245 | _aCities of light: placemaking in the 24-hour city | ||
| 260 | _c2004 | ||
| 490 |
_aUrban Design Quarterly _v(89) Winter 2004, 12-14(3) |
||
| 520 | _aConsiders advances toward a more contextual and structured approach to urban lighting. Discusses the use of light to create spaces and character at night as part of the 24 hour city as well as to create safer streets. Also considers the impact of temporal events on the image of the city as well as perpetual lighting as part of a strategic lighting plan. | ||
| 590 | _aABS | ||
| 650 | _aURBAN SPACES | ||
| 650 | _aSTREET LIGHTING | ||
| 650 | _a24-HOUR CITY | ||
| 690 | _aENVIRONMENTAL AND LAND CONSULTANCY-PLANNING AND DEVELOPMENT | ||
| 942 | _n0 | ||
| 999 |
_c74203 _d74203 |
||